$100 billionThe Facebook Effect (Chinese Edition) / (Record no. 591783)

000 -LEADER
fixed length control field 00408nam a22001337a 4500
020 ## - INTERNATIONAL STANDARD BOOK NUMBER
International Standard Book Number 9787505730038
082 ## - DEWEY DECIMAL CLASSIFICATION NUMBER
Classification number 338.761006754
Author Mark DAK
100 ## - MAIN ENTRY--PERSONAL NAME
Personal name Du, Dake
245 ## - TITLE STATEMENT
Title $100 billionThe Facebook Effect (Chinese Edition) /
Statement of responsibility, etc. Dake Du
260 ## - PUBLICATION, DISTRIBUTION, ETC.
Name of publisher, distributor, etc. China Friendship Publishing Company,
Date of publication, distribution, etc. 2012.
300 ## - PHYSICAL DESCRIPTION
Extent 270 p. ;
Dimensions 23 cm.
880 ## - ALTERNATE GRAPHIC REPRESENTATION
Linkage 245-02\r
Title 1000 亿美元 Facebook 效应 /
942 ## - ADDED ENTRY ELEMENTS (KOHA)
Source of classification or shelving scheme
Koha item type Book
Holdings
Withdrawn status Lost status Source of classification or shelving scheme Damaged status Not for loan Permanent Location Current Location Shelving location Date acquired Source of acquisition Total Checkouts Full call number Barcode Date last seen Price effective from Koha item type
          Central Library (CL) Central Library (CL) Chinese Studies 10/13/2022 Donated by China Embassy   338.761006754 DAK CL-D-1972 10/13/2022 10/13/2022 Book
© 2023 Central Library, National University of Sciences and Technology. All Rights Reserved.